01098cam a22002651 4500001001300000003000400013005001700017008004100034010001700075035002000092040003000112042001200142050002500154100005900179245008300238260004800321300003800369490011300407500014100520500005600661504002800717650002200745710004800767999001700815l 29000126 DLC20260227111532.0890814s1929 dcu b f000 0 eng  al 29000126  a(OCoLC)20177613 aDLCcPELdPELdOCoLCdDLC apremarc00aHD8051b.A62 no. 4881 aHoffman, Frederick L.q(Frederick Ludwig),d1865-1946.10aDeaths from lead poisoning, 1925-1927,cby Frederick L. Hoffman ... June 1929. aWashington,bU.S. Govt. print. off.,c1929. aiii, 37 p.bincl. tables.c23 cm.0 aBulletin of the United States Bureau of labor statistics,vno. 488. Industrial accidents and hygiene series aAt head of title: U. S. Department of labor. James J. Davis, secretary. Bureau of labor statistics. Ethelbert Stewart, commissioner. aIssued also as House doc. 544, 70th Cong., 2d sess. aBibliography: p.36-37. 0aLeadxToxicology.1 aUnited States.bBureau of Labor Statistics. c35950d35950